000 00415nam a22001577a 4500
999 _c6520
_d6520
003 OSt
005 20190117114247.0
008 190117b ||||| |||| 00| 0 eng d
020 _a0883680238
040 _cDLC
082 _a235.4
_bB873U
245 _aUsing Your Spiritual Authority /
_cBy Pat Brooks.[Introduction By Don Basham]
260 _aUSA :
_bWhitaker House,
_cc1973.
300 _a126 p.:
942 _2ddc
_cBK